<?xml version="1.0" encoding="UTF-8"?><marc:collection xmlns:marc="http://www.loc.gov/MARC21/slim">
  <marc:record>
    <marc:leader>03648nas a2200577 c 4500</marc:leader>
    <marc:controlfield tag="001">010038582</marc:controlfield>
    <marc:controlfield tag="003">DE-101</marc:controlfield>
    <marc:controlfield tag="005">20250709213305.0</marc:controlfield>
    <marc:controlfield tag="007">tu</marc:controlfield>
    <marc:controlfield tag="007">he bmb022bbuu</marc:controlfield>
    <marc:controlfield tag="008">991118d17791949io u||p   ||| 0||||1dut c</marc:controlfield>
    <marc:datafield tag="016" ind1="7" ind2=" ">
      <marc:subfield code="2">DE-600</marc:subfield>
      <marc:subfield code="a">954884-1</marc:subfield>
    </marc:datafield>
    <marc:datafield tag="016" ind1="7" ind2=" ">
      <marc:subfield code="2">DE-101</marc:subfield>
      <marc:subfield code="a">010038582</marc:subfield>
    </marc:datafield>
    <marc:datafield tag="022" ind1=" " ind2=" ">
      <marc:subfield code="a">0215-1375</marc:subfield>
    </marc:datafield>
    <marc:datafield tag="024" ind1="8" ind2=" ">
      <marc:subfield code="a">Hu 486</marc:subfield>
    </marc:datafield>
    <marc:datafield tag="035" ind1=" " ind2=" ">
      <marc:subfield code="a">(DE-599)ZDB954884-1</marc:subfield>
    </marc:datafield>
    <marc:datafield tag="035" ind1=" " ind2=" ">
      <marc:subfield code="a">(OCoLC)643969332</marc:subfield>
    </marc:datafield>
    <marc:datafield tag="040" ind1=" " ind2=" ">
      <marc:subfield code="a">9001</marc:subfield>
      <marc:subfield code="b">ger</marc:subfield>
      <marc:subfield code="c">DE-101</marc:subfield>
      <marc:subfield code="d">9999</marc:subfield>
    </marc:datafield>
    <marc:datafield tag="041" ind1=" " ind2=" ">
      <marc:subfield code="a">dut</marc:subfield>
    </marc:datafield>
    <marc:datafield tag="042" ind1=" " ind2=" ">
      <marc:subfield code="a">zdb</marc:subfield>
    </marc:datafield>
    <marc:datafield tag="044" ind1=" " ind2=" ">
      <marc:subfield code="c">XB-ID</marc:subfield>
    </marc:datafield>
    <marc:datafield tag="082" ind1="7" ind2="4">
      <marc:subfield code="a">000</marc:subfield>
      <marc:subfield code="q">DE-600</marc:subfield>
      <marc:subfield code="2">22sdnb</marc:subfield>
    </marc:datafield>
    <marc:datafield tag="084" ind1=" " ind2=" ">
      <marc:subfield code="a">7,23</marc:subfield>
      <marc:subfield code="a">25</marc:subfield>
      <marc:subfield code="a">9,10</marc:subfield>
      <marc:subfield code="2">ssgn</marc:subfield>
    </marc:datafield>
    <marc:datafield tag="084" ind1=" " ind2=" ">
      <marc:subfield code="a">BENELUX</marc:subfield>
      <marc:subfield code="q">DE-6</marc:subfield>
      <marc:subfield code="2">fid</marc:subfield>
    </marc:datafield>
    <marc:datafield tag="090" ind1=" " ind2=" ">
      <marc:subfield code="n">sm</marc:subfield>
    </marc:datafield>
    <marc:datafield tag="110" ind1="2" ind2=" ">
      <marc:subfield code="0">(DE-588)1050304-3</marc:subfield>
      <marc:subfield code="0">https://d-nb.info/gnd/1050304-3</marc:subfield>
      <marc:subfield code="0">(DE-101)004307992</marc:subfield>
      <marc:subfield code="a">Bataviaasch Genootschap van Kunsten en Wetenschappen</marc:subfield>
      <marc:subfield code="e">Verfasser</marc:subfield>
      <marc:subfield code="4">aut</marc:subfield>
      <marc:subfield code="2">gnd</marc:subfield>
    </marc:datafield>
    <marc:datafield tag="245" ind1="1" ind2="0">
      <marc:subfield code="a">Verhandelingen van het Koninklijk Bataviaasch Genootschap van Kunsten en Wetenschappen</marc:subfield>
      <marc:subfield code="c">uitgegeven in samenwerking met het Instituut voor Taal- en Cultuuronderzoek der Universiteit van Indonesie͏̈</marc:subfield>
    </marc:datafield>
    <marc:datafield tag="247" ind1="0" ind2="0">
      <marc:subfield code="a">Transactions of the Batavian Society of Arts and Sciences</marc:subfield>
      <marc:subfield code="f">Parallelsacht. teils</marc:subfield>
    </marc:datafield>
    <marc:datafield tag="247" ind1="0" ind2="0">
      <marc:subfield code="a">Verhandelingen van het Bataviaasch Genootschap van Kunsten en Wetenschappen</marc:subfield>
      <marc:subfield code="f">Hauptsacht. bis 64.1922</marc:subfield>
    </marc:datafield>
    <marc:datafield tag="247" ind1="0" ind2="0">
      <marc:subfield code="a">Verhandelingen</marc:subfield>
      <marc:subfield code="f">Hauptsacht. 78.1949</marc:subfield>
    </marc:datafield>
    <marc:datafield tag="264" ind1="3" ind2="1">
      <marc:subfield code="a">Batavia [u.a.]</marc:subfield>
      <marc:subfield code="b">[Verlag nicht ermittelbar]</marc:subfield>
      <marc:subfield code="c">1779-1949</marc:subfield>
    </marc:datafield>
    <marc:datafield tag="336" ind1=" " ind2=" ">
      <marc:subfield code="a">Text</marc:subfield>
      <marc:subfield code="b">txt</marc:subfield>
      <marc:subfield code="2">rdacontent</marc:subfield>
    </marc:datafield>
    <marc:datafield tag="337" ind1=" " ind2=" ">
      <marc:subfield code="a">ohne Hilfsmittel zu benutzen</marc:subfield>
      <marc:subfield code="b">n</marc:subfield>
      <marc:subfield code="2">rdamedia</marc:subfield>
    </marc:datafield>
    <marc:datafield tag="337" ind1=" " ind2=" ">
      <marc:subfield code="a">Mikroform</marc:subfield>
      <marc:subfield code="b">h</marc:subfield>
      <marc:subfield code="2">rdamedia</marc:subfield>
    </marc:datafield>
    <marc:datafield tag="338" ind1=" " ind2=" ">
      <marc:subfield code="a">Band</marc:subfield>
      <marc:subfield code="b">nc</marc:subfield>
      <marc:subfield code="2">rdacarrier</marc:subfield>
    </marc:datafield>
    <marc:datafield tag="338" ind1=" " ind2=" ">
      <marc:subfield code="a">Mikrofiche</marc:subfield>
      <marc:subfield code="b">he</marc:subfield>
      <marc:subfield code="2">rdacarrier</marc:subfield>
    </marc:datafield>
    <marc:datafield tag="362" ind1="0" ind2=" ">
      <marc:subfield code="a">1.1779 - 2.1780; [2.Ser.] 1.1781 - 78.1949</marc:subfield>
    </marc:datafield>
    <marc:datafield tag="363" ind1="0" ind2="0">
      <marc:subfield code="8">1.1\x</marc:subfield>
      <marc:subfield code="a">1</marc:subfield>
      <marc:subfield code="i">1779</marc:subfield>
    </marc:datafield>
    <marc:datafield tag="363" ind1="1" ind2="0">
      <marc:subfield code="8">1.2\x</marc:subfield>
      <marc:subfield code="a">2</marc:subfield>
      <marc:subfield code="i">1780</marc:subfield>
    </marc:datafield>
    <marc:datafield tag="363" ind1="0" ind2="0">
      <marc:subfield code="8">2.1\x</marc:subfield>
      <marc:subfield code="a">1</marc:subfield>
      <marc:subfield code="i">1781</marc:subfield>
    </marc:datafield>
    <marc:datafield tag="363" ind1="1" ind2="0">
      <marc:subfield code="8">2.2\x</marc:subfield>
      <marc:subfield code="a">78</marc:subfield>
      <marc:subfield code="i">1949</marc:subfield>
    </marc:datafield>
    <marc:datafield tag="515" ind1=" " ind2=" ">
      <marc:subfield code="a">2.ed. 1.1779 - 8.1826; another ed. 1.1781 - 3.1787; 3.ed. 1.1825 - 2.1826</marc:subfield>
    </marc:datafield>
    <marc:datafield tag="530" ind1=" " ind2=" ">
      <marc:subfield code="a">Mikrofiche-Ausg.: Erlangen : Harald Fischer Verl., 2006. - Mikrofiche-Ausg. : Erlangen : Fischer, 2007. 58 Mikrofiches : 24x (Die sprachwissenschaftliche Bibliothek Wilhelm von Humboldts)</marc:subfield>
    </marc:datafield>
    <marc:datafield tag="533" ind1=" " ind2=" ">
      <marc:subfield code="7">d20062006</marc:subfield>
      <marc:subfield code="a">Mikrofiche-Ausg.</marc:subfield>
      <marc:subfield code="b">Erlangen</marc:subfield>
      <marc:subfield code="c">Fischer</marc:subfield>
      <marc:subfield code="f">&#152;Die&#156; sprachwissenschaftliche Bibliothek Wilhelm von Humboldts</marc:subfield>
    </marc:datafield>
    <marc:datafield tag="655" ind1=" " ind2="7">
      <marc:subfield code="0">(DE-588)4067488-5</marc:subfield>
      <marc:subfield code="0">https://d-nb.info/gnd/4067488-5</marc:subfield>
      <marc:subfield code="0">(DE-101)040674886</marc:subfield>
      <marc:subfield code="a">Zeitschrift</marc:subfield>
      <marc:subfield code="2">gnd-content</marc:subfield>
    </marc:datafield>
    <marc:datafield tag="775" ind1="0" ind2="8">
      <marc:subfield code="i">Parallele Sprachausgabe</marc:subfield>
      <marc:subfield code="n">Dt. Ausg.</marc:subfield>
      <marc:subfield code="a">Bataviaasch Genootschap van Kunsten en Wetenschappen</marc:subfield>
      <marc:subfield code="t">Abhandlungen der Geselschaft der Künste und Wissenschaften in Batavia</marc:subfield>
      <marc:subfield code="d">Leipzig : Weygand, 1782-1782</marc:subfield>
      <marc:subfield code="w">(DE-600)533586-3</marc:subfield>
      <marc:subfield code="w">(DE-101)012869163</marc:subfield>
    </marc:datafield>
    <marc:datafield tag="776" ind1="0" ind2="8">
      <marc:subfield code="i">Elektronische Reproduktion</marc:subfield>
      <marc:subfield code="a">Bataviaasch Genootschap van Kunsten en Wetenschappen</marc:subfield>
      <marc:subfield code="t">Verhandelingen van het Koninklijk Bataviaasch Genootschap van Kunsten en Wetenschappen</marc:subfield>
      <marc:subfield code="d">Batavia [u.a.] : [Verlag nicht ermittelbar], 1779-1949</marc:subfield>
      <marc:subfield code="h">Online-Ressource</marc:subfield>
      <marc:subfield code="w">(DE-600)2752072-9</marc:subfield>
      <marc:subfield code="w">(DE-101)1046548395</marc:subfield>
    </marc:datafield>
    <marc:datafield tag="785" ind1="0" ind2="0">
      <marc:subfield code="i">Forts.:</marc:subfield>
      <marc:subfield code="a">Lembaga Kebudajaan Indonesia</marc:subfield>
      <marc:subfield code="t">Verhandelingen / Lembaga Kebudaijaan Indonesia. Uitg. met steun van de Kementerian Pendidikan, Pengadjaran dan Kebudajaan, Republik Indonesia</marc:subfield>
      <marc:subfield code="d">Bandung : [Verlag nicht ermittelbar], 1950-1950</marc:subfield>
      <marc:subfield code="w">(DE-600)777315-8</marc:subfield>
      <marc:subfield code="w">(DE-101)014258528</marc:subfield>
    </marc:datafield>
    <marc:datafield tag="787" ind1="0" ind2="8">
      <marc:subfield code="i">Index</marc:subfield>
      <marc:subfield code="n">Index 1779/1907</marc:subfield>
      <marc:subfield code="t">Register op de artikelen voorkomende in het Tijdschrift voor Indische taal-, land- en volkenkunde en de Verhandelingen van het Bataviaasch Genootschap van Kunsten en Wetenschappen</marc:subfield>
      <marc:subfield code="d">Batavia [u.a.] : Albrecht, 1908-1908</marc:subfield>
      <marc:subfield code="w">(DE-600)1102254-1</marc:subfield>
      <marc:subfield code="w">(DE-101)016323750</marc:subfield>
    </marc:datafield>
    <marc:datafield tag="787" ind1="0" ind2="8">
      <marc:subfield code="i">Index</marc:subfield>
      <marc:subfield code="n">Index 56/61.1907/1919</marc:subfield>
      <marc:subfield code="t">Register op de Verhandelingen van het Bataviaasch Genootschap en het Tijdschrift voor Indische taal-, land- en volkenkunde</marc:subfield>
      <marc:subfield code="d">Weltevreden : N. V. Uitg.-Mij. Papyrus, 1920-</marc:subfield>
      <marc:subfield code="w">(DE-600)2504364-X</marc:subfield>
      <marc:subfield code="w">(DE-101)995219559</marc:subfield>
    </marc:datafield>
    <marc:datafield tag="850" ind1=" " ind2=" ">
      <marc:subfield code="a">DE-101a</marc:subfield>
    </marc:datafield>
  </marc:record>
</marc:collection>
